| 000 | 00544nam a2200193Ia 4500 | ||
|---|---|---|---|
| 001 | 57033 | ||
| 008 | 130909n2009 ii |||gr||||Z||||||465 | ||
| 020 | _a978-81-7273-479-4 | ||
| 082 | _a820.9 | ||
| 245 | 0 |
_aPostcolonial Readings in Indo-Anglian Literature _cK.V.Dominic (Editor) _hTextual Documents |
|
| 250 | _aIst ed. | ||
| 260 |
_aAssam _bAuthor Press _c2009 |
||
| 300 |
_a306pg: _c22cm. |
||
| 653 | _aEnglish | ||
| 653 | _aEnglish literature- Criticism | ||
| 653 | _aMS- English | ||
| 700 |
_aDominic, K.V., _eEditor. |
||
| 942 |
_2ddc _cBK |
||
| 999 |
_c56948 _d56948 |
||